Education Vocabulary - Statistiques

Statistiques générales
  • Ce quiz a été pris 50 fois
  • Le résultat moyen est 20 sur 55
Statistiques - réponses
Hint Réponse % Correct
un cours / une leçon a class
76%
évaluer to assess / appraise / evaluate
71%
obtenir une bourse to get / win a scholarship
67%
lire l'anglais couramment to read English fluently
67%
une salle de classe a classroom
62%
bien réussir à l'école to do well at school
62%
l'absentéisme / absence injustifiée truancy
62%
être bon en sport to be good at sports
57%
un élève doué a gifted pupil
52%
tricher / tromper / frauder to cheat
52%
obéir à quelqu'un to obey someone
52%
un tricheur / fraudeur a cheater
48%
un camarade de classe a classmate
48%
une matière a subject
48%
réussir un examen haut la main to pass a test with flying colours / to sail through an exam
48%
donner du travail à la maison to set homework
48%
un élève démissionnaire / décrocheur a dropout
43%
une heure de cours a teaching-hour
43%
être indiscipliné to be unruly
43%
obtenir un diplôme to graduate
43%
se préparer à un examen to prepare for an exam
43%
passer un examen blanc to take a mock exam
43%
C'est de la triche ! It's a cheat!
38%
le programme scolaire the school curriculum
38%
être renvoyé / exclu to be expelled
38%
être incontrôlable to be unmanageable
38%
se lancer / s'y mettre to get started
38%
rendre un travail to hand in a piece of work
38%
se conformer à une règle to obey a rule
38%
un étudiant de premier cycle an undergraduate
33%
la cour de l'école the schoolyard
33%
faire du travail de paperasse to do paperwork
33%
tricher sur son voisin to eye over one's neighbour's work
33%
donner un coup de main à quelqu'un to give someone a hand
33%
faire l'école buissonnière to play truant
33%
prendre/suivre un cours d'anglais to take a class in English
33%
une pause de 20 minutes a 20-minute break
29%
les subtilités de la langue anglaise the intricacies of the English language
29%
bâcler ses devoirs to dash off one's homework
29%
obtenir une bonne note to get a good mark
29%
faire des études de médecine to study medicine
29%
faire des recherches sur to do research on / in / into / about
24%
un(e) élève de terminale a sixth-former
19%
l'incident sera porté à la connaissance du principal the incident will be reported to the headmaster
19%
abandonner l'école to drop out of school
19%
recaler quelqu'un / échouer à un examen to flunk someone / a test
19%
avoir des difficultés en maths to have difficulty with maths
19%
sécher un cours to skip a lesson
19%
être consciencieux / acharné / méticuleux to be painstaking
14%
entrer en faculté de médecine to get to a medical school
14%
se voir accorder la possibilité de to be provided with an opportunity to
10%
rattraper un cours que vous avez loupé to catch up a lesson you missed
10%
passer dans la classe supérieure to pass to the next grade
10%
remettre une sortie scolaire à plus tard to put off a school trip
10%
être reçu à un examen avec mention to pass a degree with distinction
5%
Aucun quiz correspondant
Distribution des résultats
% des personnes avec chaque résultat
Percentile par nombre de réponses
Votre historique - résultats
Vous n’avez pas pris ce quiz